000 00607nam a2200229Ia 4500
003 OSt
005 20250728110300.0
008 210210b2020 xxu||||| |||| 00| 0 eng d
020 _a9789389546880
040 _cAL
041 _aeng
082 _a657.46 TAXT
100 _aTaxmann Publications
_9213247
245 _aTaxmanns GST tariff with GST rate reckoner
_b: services tariff Vol 2 Ed 13
250 _a13
260 _aNew Delhi
_bTaxmann Publications (P.) Ltd
_c2020
300 _axxi,1291
440 _aVol 2
_9213248
690 _aIncome Tax
_9213260
906 _a074446
942 _2ddc
_cREF
999 _c125450
_d125450